europa landen click map - Statistieken

Algemene statistieken
  • Deze quiz is 153 keer genomen
  • De gemiddelde score is 29 van 40
Antwoorden op de kaart
Antwoorden kleurgecodeerd door een groen-rode schaal op de quizkaart volgens % correct hieronder.
 
Antwoordstatistieken
Antwoord % Correct
België
89%
Ijsland
89%
Duitsland
86%
Finland
86%
Nederland
86%
Noorwegen
86%
Spanje
86%
Ierland
85%
Frankrijk
85%
Italië
85%
Luxemburg
85%
Portugal
85%
Verenigd Koninkrijk
84%
Zweden
84%
Denemarken
82%
Rusland
81%
Oekraïne
77%
Oostenrijk
77%
Polen
77%
Wit-Rusland
77%
Zwitserland
77%
Malta
76%
Estland
73%
Griekenland
73%
Kroatië
73%
Tsjechië
72%
Letland
70%
Roemenië
69%
Litouwen
68%
Moldavië
65%
Cyprus
62%
Macedonië
61%
Albanië
55%
Servië
51%
Slowakije
50%
Bulgarijë
49%
Hongarije
49%
Montenegro
49%
Solvenië
35%
Bosnië-Hercegovina
31%
Geen overeenkomende quizzen gevonden
Scoreverdeling
Procent van Mensen met Elke Score
Percentiel versus Aantal Correcte Antwoorden
Uw Scoregeschiedenis
U heeft deze quiz nog niet genomen